LAND USE CONSIDERATIONS IN URBAN ENVIRONMENTAL MANAGEMENT. (Record no. 4150)

MARC details
000 -LEADER
fixed length control field 00339nam a22001097a 4500
008 - FIXED-LENGTH DATA ELEMENTS--GENERAL INFORMATION
fixed length control field 160425b xxu||||| |||| 00| 0 eng d
020 ## - INTERNATIONAL STANDARD BOOK NUMBER
International Standard Book Number 0821327232
082 ## -
Classification number 333.771 309 172 4 BER
100 ## - MAIN ENTRY--PERSONAL NAME
Personal name BERNSTEIN,JAINIS D.
245 ## - TITLE STATEMENT
Title LAND USE CONSIDERATIONS IN URBAN ENVIRONMENTAL MANAGEMENT.
260 ## - PUBLICATION, DISTRIBUTION, ETC. (IMPRINT)
Place of publication, distribution, etc. WASHINGTON,D.C,
Name of publisher, distributor, etc. THE WORLD BANK,
Date of publication, distribution, etc. 1993.

No items available.

IRDP © 2021 :: Managed by ICT Team